[Event "Nis Svetosavski op"]
[Site "Nis"]
[Date "2011.01.22"]
[Round "3"]
[White "Zivkovic, Zivojin"]
[Black "Krstic, Dragan"]
[Result "1-0"]
[WhiteElo "2047"]
[BlackElo "1757"]
[PlyCount "61"]
[EventDate "2011.01.21"]
[EventType "swiss"]
[EventRounds "5"]
[EventCountry "SRB"]
[SourceTitle "CBM 140 Extra"]
[Source "ChessBase"]
[SourceDate "2011.03.01"]
[SourceVersion "1"]
[SourceVersionDate "2011.03.01"]
[SourceQuality "1"]

1. Nf3 e6 2. g3 d5 3. Bg2 Nf6 4. d3 c5 5. 0-0 Be7 6. Nbd2 0-0 7. e4 Bd7 8. e5 Ne8 9. h4 Bc6 10. Re1 Nd7 11. Nf1 Rc8 12. N1h2 a6 13. h5 b5 14. Ng4 Kh8 15. Bf4 d4 16. Qd2 Nb6 17. Ng5 Nd5 18. Ne4 Nxf4 19. Qxf4 a5 20. Nh2 Qd7 21. Nf3 f5 22. exf6 Nxf6 23. Ne5 Qe8 24. Nxc6 Rxc6 25. Nxf6 Rxf6 26. Bxc6 Qxc6 27. Qe4 Qe8 28. Qg4 Qf7 29. Re2 h6 30. Rae1 Bf8 31. f4 1-0

[Event "Nis Svetosavski op"]
[Site "Nis"]
[Date "2011.01.21"]
[Round "1"]
[White "Krstic, Dragan"]
[Black "Stojadinovic, Ljubisav"]
[Result "1-0"]
[WhiteElo "1757"]
[BlackElo "2068"]
[PlyCount "89"]
[EventDate "2011.01.21"]
[EventType "swiss"]
[EventRounds "5"]
[EventCountry "SRB"]
[SourceTitle "CBM 140 Extra"]
[Source "ChessBase"]
[SourceDate "2011.03.01"]
[SourceVersion "1"]
[SourceVersionDate "2011.03.01"]
[SourceQuality "1"]

1. d4 Nf6 2. c4 e6 3. Nc3 d5 4. Nf3 Be7 5. e3 0-0 6. Be2 b6 7. 0-0 Bb7 8. b3 Nbd7 9. Bb2 c5 10. cxd5 exd5 11. Rc1 Rc8 12. h3 Bd6 13. Bd3 Qe7 14. Re1 Rfe8 15. Ne2 Ne4 16. Nf4 Qf6 17. Nh5 Qh6 18. dxc5 Bxc5 19. Nxg7 Nxf2 20. Kxf2 Rxe3 21. Rxc5 Rxf3+ 22. Qxf3 Nxc5 23. Kg1 d4 24. Nf5 Qg5 25. Qe2 Kf8 26. Bb1 Ne6 27. Ba3+ Rc5 28. Qg4 Qf6 29. Qg3 Qd8 30. Rxe6 fxe6 31. Qg7+ Ke8 32. Bxc5 bxc5 33. Qxb7 exf5 34. Bxf5 Qa5 35. Qe4+ Kf8 36. a4 Qc3 37. Qf3 Qe1+ 38. Qf1 Qe3+ 39. Kh1 Kg7 40. Qf3 Qe1+ 41. Kh2 Qe5+ 42. Qg3+ Kf6 43. Bxh7 Ke6 44. Qxe5+ Kxe5 45. g4 1-0

[Event "Milan Sport&Cultura op"]
[Site "Milan"]
[Date "2010.02.14"]
[Round "4"]
[White "Veri, Giustino"]
[Black "Krstic, Dragan"]
[Result "1/2-1/2"]
[WhiteElo "1630"]
[BlackElo "1768"]
[PlyCount "82"]
[EventDate "2010.02.12"]
[EventType "swiss"]
[EventRounds "5"]
[EventCountry "ITA"]
[SourceTitle "EXT 2011"]
[Source "ChessBase"]
[SourceDate "2010.11.26"]
[SourceVersion "1"]
[SourceVersionDate "2010.11.26"]
[SourceQuality "1"]

1. d4 Nf6 2. Nf3 d5 3. c4 g6 4. Nc3 Bg7 5. Bg5 c6 6. Bxf6 Bxf6 7. cxd5 cxd5 8. e3 0-0 9. h3 Bf5 10. Bd3 Bxd3 11. Qxd3 e6 12. 0-0 a6 13. a4 Nc6 14. Na2 Be7 15. Rfc1 Qb6 16. Rab1 Rac8 17. b3 a5 18. Ne1 Ba3 19. Rc2 Bb4 20. Qe2 Bxe1 21. Qxe1 e5 22. b4 Nxb4 23. Rxc8 Rxc8 24. Nxb4 axb4 25. Rxb4 Qa5 26. Qb1 exd4 27. Rxd4 b6 28. Qd1 Rc5 29. e4 dxe4 30. Rd8+ Kg7 31. Qd4+ Re5 32. Re8 Kf6 33. Rxe5 Qxe5 34. Qxb6+ Ke7 35. a5 Kd7 36. a6 Qc7 37. Qd4+ Kc8 38. Qh8+ Kd7 39. Qd4+ Kc8 40. Qh8+ Kd7 41. Qd4+ Kc8 1/2-1/2